[Event "New York 1000 GM Winter IM-C"]
[Site "New York"]
[Date "2024.01.13"]
[Round "4"]
[White "Hajnal, Zoltan"]
[Black "Yoo, Eugene"]
[Result "1-0"]
[WhiteElo "2383"]
[BlackElo "2168"]
[PlyCount "98"]
[EventDate "2024.01.11"]
[EventType "swiss"]
[EventRounds "9"]
[EventCountry "USA"]
[SourceTitle "CB04_2024"]
[SourceDate "2023.10.16"]
[SourceVersion "1"]
[SourceVersionDate "2023.10.16"]
[SourceQuality "1"]

1. e4 c5 2. Nf3 Nc6 3. d4 cxd4 4. Nxd4 e5 5. Nb5 d6 6. N1c3 a6 7. Na3 Be6 8. Nc4 Rb8 9. Ne3 Nf6 10. g3 h5 11. h4 Nd4 12. Bg2 g6 13. 0-0 Bh6 14. Ncd5 Nxd5 15. exd5 Bd7 16. c3 Bxe3 17. fxe3 Bg4 18. Qe1 Ne2+ 19. Kh2 Nxc1 20. Rxc1 0-0 21. c4 Qb6 22. b4 Rbc8 23. Rf6 Rfd8 24. c5 Qc7 25. Qf2 Qe7 26. cxd6 Rxd6 27. Rxc8+ Bxc8 28. Rxd6 Qxd6 29. Qc2 Bd7 30. Qc5 Qxc5 31. bxc5 f5 32. e4 Kf7 33. Kg1 Kf6 34. Bh3 Ba4 35. Kf2 Bc2 36. Bg2 f4 37. gxf4 exf4 38. e5+ Kxe5 39. d6 Bf5 40. Bxb7 a5 41. Bc6 Kf6 42. Kf3 Be6 43. a3 Bg4+ 44. Kxf4 Bf5 45. Bd5 Bh3 46. c6 Bg4 47. Bc4 Bh3 48. Ba6 Ke6 49. Bc8+ Kd5 1-0

[Event "Sunnyvale 1000 IM Winter 01"]
[Site "Sunnyvale"]
[Date "2024.01.06"]
[Round "8"]
[White "Hajnal, Zoltan"]
[Black "Stevens, Adam B"]
[Result "1-0"]
[WhiteElo "2383"]
[BlackElo "1878"]
[PlyCount "101"]
[EventDate "2024.01.02"]
[EventType "schev"]
[EventRounds "9"]
[EventCountry "USA"]
[SourceTitle "CB02_2024"]
[SourceDate "2024.01.10"]
[SourceVersion "1"]
[SourceVersionDate "2024.01.10"]
[SourceQuality "1"]

1. e4 e6 2. d4 d5 3. Nd2 c5 4. exd5 Qxd5 5. dxc5 Bxc5 6. Ngf3 Nf6 7. Bc4 Qd6 8. Qe2 0-0 9. Ng5 Qc7 10. Nde4 Be7 11. Bd3 Nbd7 12. Bd2 b6 13. Nxf6+ Nxf6 14. Bc3 g6 15. h4 Nd5 16. Be5 Bd6 17. Bxd6 Qxd6 18. 0-0-0 h5 19. g3 Qc7 20. Rhe1 Bd7 21. Kb1 Nf6 22. f3 Qxg3 23. Rg1 Qf4 24. Bxg6 fxg6 25. Rxd7 Nxd7 26. Qxe6+ Rf7 27. Qxg6+ Rg7 28. Ne6 Rxg6 29. Rxg6+ Kh7 30. Nxf4 Rf8 31. Rd6 Rxf4 32. Rxd7+ Kg6 33. Rxa7 Rxh4 34. a4 Rh1+ 35. Ka2 h4 36. Rb7 Rg1 37. Rxb6+ Kh5 38. Rb8 Rg6 39. Rd8 h3 40. Rd1 Kh4 41. Rh1 Ra6 42. Ka3 Kg3 43. b4 Kg2 44. Rxh3 Kxh3 45. b5 Ra8 46. Kb4 Kg3 47. b6 Kf4 48. Kb5 Ke5 49. b7 Rb8 50. Kb6 Kd6 51. a5 1-0

[Event "Sunnyvale 1000 IM Winter 12"]
[Site "Sunnyvale"]
[Date "2023.12.27"]
[Round "2"]
[White "Stevens, Adam B"]
[Black "Hajnal, Zoltan"]
[Result "0-1"]
[WhiteElo "1878"]
[BlackElo "2382"]
[PlyCount "56"]
[EventDate "2023.12.26"]
[EventType "schev"]
[EventRounds "9"]
[EventCountry "USA"]
[SourceTitle "CB01_2024"]
[SourceDate "2024.01.03"]
[SourceVersion "1"]
[SourceVersionDate "2024.01.03"]
[SourceQuality "1"]

1. d4 d5 2. c4 c6 3. Nf3 Nf6 4. Nc3 dxc4 5. a4 Bf5 6. Ne5 Nbd7 7. Nxc4 Nb6 8. Ne5 a5 9. f3 Nfd7 10. e4 Bg6 11. Nxd7 Nxd7 12. Be3 Qb6 13. Qd2 e5 14. dxe5 Bc5 15. Bxc5 Nxc5 16. Bc4 Rd8 17. Qf2 Qb4 18. Qe2 Rd4 19. Ba2 Nd3+ 20. Kf1 Nxb2 21. Rc1 0-0 22. e6 Nd3 23. exf7+ Bxf7 24. Bxf7+ Rxf7 25. Rc2 Nf4 26. Qe3 Qc4+ 27. Kf2 Rd3 28. Qc1 Rxc3 0-1

[Event "AUT-chT2M 2223"]
[Site "Austria"]
[Date "2023.03.04"]
[Round "8.4"]
[White "Mohr, Georg"]
[Black "Hajnal, Zoltan"]
[Result "1-0"]
[WhiteElo "2412"]
[BlackElo "2388"]
[PlyCount "47"]
[EventDate "2022.09.30"]
[EventType "team-tourn"]
[EventRounds "11"]
[EventCountry "AUT"]
[SourceTitle "CBM 213 Extra"]
[Source "ChessBase"]
[SourceDate "2023.05.31"]
[SourceVersion "1"]
[SourceVersionDate "2023.05.31"]
[SourceQuality "1"]
[WhiteTeam "Frauental"]
[BlackTeam "St Valentin"]
[WhiteTeamCountry "AUT"]
[BlackTeamCountry "AUT"]

1. Nf3 d5 2. d4 Nf6 3. c4 c6 4. Qb3 dxc4 5. Qxc4 Bf5 6. g3 e6 7. Bg2 Nbd7 8. 0-0 Be7 9. e3 0-0 10. Qe2 Qc7 11. Nc3 Ne4 12. Nd2 Nxc3 13. bxc3 e5 14. f4 f6 15. fxe5 fxe5 16. Qc4+ Kh8 17. Rxf5 Rxf5 18. Qe6 Rff8 19. Qxe7 Rae8 20. Qa3 exd4 21. cxd4 Nf6 22. Nf3 Ng4 23. Bd2 Rf6 24. Rd1 1-0

[Event "Verbandsliga Nordbaden 2223"]
[Site "Germany"]
[Date "2022.10.16"]
[Round "2.2"]
[White "Hajnal, Zoltan"]
[Black "Lieder, Christian"]
[Result "1-0"]
[WhiteElo "2386"]
[BlackElo "2093"]
[PlyCount "55"]
[EventDate "2022.09.25"]
[EventType "team-tourn"]
[EventRounds "9"]
[EventCountry "GER"]
[SourceTitle "EXT 2024"]
[Source "ChessBase"]
[SourceDate "2023.10.10"]
[SourceVersion "1"]
[SourceVersionDate "2023.10.10"]
[SourceQuality "1"]
[WhiteTeam "Buchen II"]
[BlackTeam "Weinheim"]
[WhiteTeamCountry "GER"]
[BlackTeamCountry "GER"]

1. e4 e6 2. d4 d5 3. Nd2 dxe4 4. Nxe4 Bd7 5. Nf3 Bc6 6. Bd3 Bxe4 7. Bxe4 c6 8. Qe2 Nf6 9. Bd3 Bd6 10. Bd2 Qc7 11. Ne5 Nbd7 12. f4 0-0 13. g4 c5 14. g5 Nd5 15. Nxd7 Qxd7 16. dxc5 Bxc5 17. 0-0-0 Qa4 18. c4 Nb4 19. Bxb4 Qxb4 20. h4 Rfd8 21. h5 Qb6 22. Qe4 Bd4 23. Qxh7+ Kf8 24. Rh2 Be3+ 25. Kb1 Bxf4 26. Rg2 Qe3 27. h6 gxh6 28. g6 1-0

[Event "Oberliga Baden 2223"]
[Site "Germany"]
[Date "2022.09.18"]
[Round "1.5"]
[White "Schneider, Bernd"]
[Black "Hajnal, Zoltan"]
[Result "0-1"]
[WhiteElo "2339"]
[BlackElo "2386"]
[PlyCount "26"]
[EventDate "2022.09.18"]
[EventType "team-tourn"]
[EventRounds "9"]
[EventCountry "GER"]
[SourceTitle "EXT 2024"]
[Source "ChessBase"]
[SourceDate "2023.10.10"]
[SourceVersion "1"]
[SourceVersionDate "2023.10.10"]
[SourceQuality "1"]
[WhiteTeam "Untergrombach"]
[BlackTeam "Buchen"]
[WhiteTeamCountry "GER"]
[BlackTeamCountry "GER"]

1. d4 d5 2. Nf3 Nf6 3. Bg5 Ne4 4. Bh4 c5 5. dxc5 Nc6 6. Nbd2 Nxc5 7. e3 g6 8. Nb3 Nxb3 9. axb3 Bg7 10. Nd4 0-0 11. Nxc6 bxc6 12. Ra2 Qb6 13. Be2 Qb4+ 0-1

[Event "Oberliga Baden 2122"]
[Site "Germany"]
[Date "2022.04.09"]
[Round "10.5"]
[White "Hajnal, Zoltan"]
[Black "Weidemann, Joerg"]
[Result "1-0"]
[WhiteElo "2383"]
[BlackElo "2317"]
[PlyCount "75"]
[EventDate "2021.10.10"]
[EventType "team-tourn"]
[EventRounds "11"]
[EventCountry "GER"]
[SourceTitle "EXT 2023"]
[Source "ChessBase"]
[SourceDate "2022.10.05"]
[SourceVersion "1"]
[SourceVersionDate "2022.10.05"]
[SourceQuality "1"]
[WhiteTeam "Buchen"]
[BlackTeam "Emmendingen"]
[WhiteTeamCountry "GER"]
[BlackTeamCountry "GER"]

1. e4 e6 2. d4 d5 3. Nc3 dxe4 4. Nxe4 Nd7 5. Bd3 Ngf6 6. Qe2 Nxe4 7. Bxe4 c6 8. Nf3 Be7 9. Bd2 Nf6 10. Bd3 a5 11. 0-0-0 a4 12. a3 0-0 13. c3 b5 14. Ne5 Bb7 15. Kb1 Qd5 16. Bc1 c5 17. dxc5 Qxc5 18. f4 Qb6 19. Rhe1 Bd5 20. g4 Bd6 21. Be3 Qb7 22. Bd4 Rfd8 23. g5 Bxe5 24. Qxe5 Ne8 25. f5 Ra6 26. fxe6 fxe6 27. Re3 Nd6 28. Rh3 Nf5 29. Re1 Rf8 30. g6 hxg6 31. Rg1 Bg2 32. Rg3 Nxg3 33. hxg3 Rf5 34. Bxf5 Bd5 35. Bxg6 b4 36. cxb4 Rc6 37. Qh5 e5 38. Qh7+ 1-0

[Event "Verbandsliga Nordbaden 1920"]
[Site "Baden"]
[Date "2021.07.04"]
[Round "8.2"]
[White "Hajnal, Zoltan"]
[Black "Farmani Anosheh, Yasha"]
[Result "1-0"]
[WhiteElo "2390"]
[BlackElo "2171"]
[PlyCount "83"]
[EventDate "2019.09.29"]
[EventType "team-tourn"]
[EventRounds "9"]
[EventCountry "GER"]
[SourceTitle "EXT 2021"]
[Source "ChessBase"]
[SourceDate "2020.10.23"]
[SourceVersion "1"]
[SourceVersionDate "2020.10.23"]
[SourceQuality "1"]
[WhiteTeam "Buchen II"]
[BlackTeam "Ladenburg"]
[WhiteTeamCountry "GER"]
[BlackTeamCountry "GER"]

1. e4 e5 2. Nf3 Nc6 3. Bc4 Bc5 4. c3 Nf6 5. d3 0-0 6. Nbd2 d5 7. Bb3 Bg4 8. h3 Bh5 9. Qe2 Re8 10. 0-0 a6 11. Rd1 b5 12. Nf1 Bb6 13. g4 Bg6 14. g5 Nh5 15. Bxd5 Qd7 16. Nh4 Rad8 17. Nxg6 hxg6 18. Qf3 Rf8 19. Kg2 Ne7 20. Bb3 c5 21. Ng3 Nxg3 22. fxg3 Qc6 23. Be3 Bc7 24. d4 exd4 25. cxd4 c4 26. Bc2 Qb7 27. Kg1 Nf5 28. Bf2 Rfe8 29. Qg4 Ne7 30. h4 Nc6 31. e5 Bb6 32. h5 gxh5 33. Qxh5 Nxd4 34. Qh7+ Kf8 35. Be4 Qa7 36. Qh8+ Ke7 37. Qxg7 Ne6 38. Qf6+ Kf8 39. Qh8+ Ke7 40. Qf6+ Kf8 41. Kg2 Bxf2 42. Rh1 1-0

[Event "HUN-chT 1920"]
[Site "Hungary"]
[Date "2020.09.13"]
[Round "9.4"]
[White "Hajnal, Zoltan"]
[Black "Marosi, Levente"]
[Result "1-0"]
[WhiteElo "2386"]
[BlackElo "2253"]
[PlyCount "71"]
[EventDate "2019.11.16"]
[EventType "team-tourn"]
[EventRounds "9"]
[EventCountry "HUN"]
[SourceTitle "EXT 2021"]
[Source "ChessBase"]
[SourceDate "2020.10.23"]
[SourceVersion "1"]
[SourceVersionDate "2020.10.23"]
[SourceQuality "1"]
[WhiteTeam "Mako Duocor"]
[BlackTeam "Budapest MTK"]
[WhiteTeamCountry "HUN"]
[BlackTeamCountry "HUN"]

1. e4 c6 2. d4 d5 3. Nc3 dxe4 4. Nxe4 Bf5 5. Ng3 Bg6 6. Bc4 e6 7. N1e2 Bd6 8. h4 h6 9. Nf4 Bh7 10. Ngh5 Bxf4 11. Bxf4 Bg6 12. c3 Bxh5 13. Qxh5 Nf6 14. Qe2 Nbd7 15. 0-0-0 Nd5 16. Bd2 Qc7 17. Qg4 N7f6 18. Qf3 0-0-0 19. g4 h5 20. g5 Ne8 21. g6 Nd6 22. Bd3 fxg6 23. Bxg6 Rdf8 24. Qe2 Qd7 25. Bxh5 Nf4 26. Bxf4 Rxf4 27. Bg4 Rh6 28. f3 Nb5 29. Qe5 Rff6 30. d5 Qd6 31. Qxd6 Nxd6 32. dxc6 Kc7 33. Rd3 Rh8 34. Rhd1 Nf5 35. Rd7+ Kb6 36. Re1 1-0

[Event "HUN-chT 1920"]
[Site "Hungary"]
[Date "2019.11.16"]
[Round "1.5"]
[White "Hajnal, Zoltan"]
[Black "Horvath, Jozsef"]
[Result "0-1"]
[WhiteElo "2386"]
[BlackElo "2437"]
[PlyCount "84"]
[EventDate "2019.11.16"]
[EventType "team-tourn"]
[EventRounds "9"]
[EventCountry "HUN"]
[SourceTitle "CBM 193 Extra"]
[Source "ChessBase"]
[SourceDate "2020.01.31"]
[SourceVersion "1"]
[SourceVersionDate "2020.01.31"]
[SourceQuality "1"]
[WhiteTeam "Mako Duocor"]
[BlackTeam "Morihana"]
[WhiteTeamCountry "HUN"]
[BlackTeamCountry "HUN"]

1. e4 c6 2. d4 d5 3. Nc3 dxe4 4. Nxe4 Bf5 5. Ng3 Bg6 6. Bc4 e6 7. N1e2 Nf6 8. 0-0 Nbd7 9. f4 Nb6 10. Bd3 Bxd3 11. Qxd3 g6 12. b3 Be7 13. c4 Nbd7 14. Bb2 0-0 15. Rad1 Re8 16. f5 exf5 17. Nxf5 Bf8 18. Neg3 b5 19. Qd2 bxc4 20. bxc4 gxf5 21. Qg5+ Kh8 22. d5 Qb6+ 23. Rf2 cxd5 24. Nh5 Re2 25. Bd4 Re1+ 26. Rf1 Rxd1 27. Bxb6 Rxf1+ 28. Kxf1 axb6 29. cxd5 Nxh5 30. Qxh5 Ne5 31. Qxf5 Bg7 32. Qb1 Nc4 33. Qb5 Ne3+ 34. Ke2 Nxg2 35. d6 Nf4+ 36. Kf3 Ne6 37. Qxb6 Bd4 38. Qc6 Ra3+ 39. Kg4 Rxa2 40. h4 Kg7 41. h5 Bf6 42. Qe8 h6 0-1

[Event "AUT-chT2M 1920"]
[Site "Austria"]
[Date "2019.10.13"]
[Round "3.2"]
[White "Gelbenegger, Patrick"]
[Black "Hajnal, Zoltan"]
[Result "0-1"]
[WhiteElo "2259"]
[BlackElo "2386"]
[PlyCount "60"]
[EventDate "2019.10.11"]
[EventType "team-tourn"]
[EventRounds "11"]
[EventCountry "AUT"]
[SourceTitle "CBM 192 Extra"]
[Source "Chessbase"]
[SourceDate "2019.11.06"]
[SourceVersion "1"]
[SourceVersionDate "2019.11.06"]
[SourceQuality "1"]
[WhiteTeam "Nettingsdorf/Traun"]
[BlackTeam "St Valentin"]
[WhiteTeamCountry "AUT"]
[BlackTeamCountry "AUT"]

1. e4 e5 2. Nf3 Nc6 3. Bc4 Bc5 4. c3 Nf6 5. b4 Bb6 6. d3 0-0 7. a4 a6 8. 0-0 h6 9. Nbd2 d6 10. Bb3 Ba7 11. a5 Nh5 12. Nc4 Be6 13. Be3 Qf6 14. Bxa7 Rxa7 15. Ne3 Nf4 16. Bc2 Raa8 17. g3 Nh3+ 18. Kg2 Ne7 19. Ng1 Nxg1 20. Kxg1 d5 21. h4 g6 22. Qe2 Rad8 23. Nd1 d4 24. c4 g5 25. hxg5 Qxg5 26. Kg2 Ng6 27. Kh2 Nf4 28. Qf3 Bg4 29. Qh1 Qh5+ 30. Kg1 Ne2+ 0-1

[Event "Satu Mare Szabo Memorial"]
[Site "Satu Mare"]
[Date "2019.08.04"]
[Round "3"]
[White "Jianu, Vlad Cristian"]
[Black "Hajnal, Zoltan"]
[Result "1-0"]
[WhiteElo "2523"]
[BlackElo "2393"]
[PlyCount "93"]
[EventDate "2019.08.02"]
[EventType "swiss"]
[EventRounds "9"]
[EventCountry "ROU"]
[SourceTitle "CBM 191 Extra"]
[Source "ChessBase"]
[SourceDate "2019.09.30"]
[SourceVersion "1"]
[SourceVersionDate "2019.09.30"]
[SourceQuality "1"]

1. c4 c6 2. Nf3 d5 3. g3 Nf6 4. Bg2 Bg4 5. Ne5 Be6 6. cxd5 Bxd5 7. Nf3 c5 8. Nc3 Bc6 9. 0-0 e6 10. d3 Be7 11. e4 0-0 12. Qe2 Qb6 13. Rd1 Rd8 14. Be3 Qa6 15. a3 Nbd7 16. b4 b6 17. Qb2 Qc8 18. Rac1 Qb8 19. Qb1 e5 20. Qb3 Qd6 21. b5 Bb7 22. Nd2 Nf8 23. Nc4 Qc7 24. a4 Ng6 25. a5 Rab8 26. Ra1 Bc8 27. axb6 axb6 28. Bg5 Be6 29. Bxf6 Bxf6 30. Nd5 Bxd5 31. exd5 e4 32. dxe4 Bxa1 33. Rxa1 Ra8 34. Rc1 Qa7 35. Qc3 f6 36. d6 Ne5 37. Nxe5 fxe5 38. Qxe5 Qa3 39. Qd5+ Kh8 40. Rd1 c4 41. e5 c3 42. Be4 Qb2 43. e6 c2 44. Bxc2 Qxc2 45. e7 Rf8 46. exf8R+ Rxf8 47. Rd2 1-0

[Event "HUN-chT 1819"]
[Site "Hungary"]
[Date "2019.04.28"]
[Round "9.5"]
[White "Hajnal, Zoltan"]
[Black "Toth, Ervin"]
[Result "1/2-1/2"]
[WhiteElo "2406"]
[BlackElo "2426"]
[PlyCount "23"]
[EventDate "2018.11.17"]
[EventType "team-tourn"]
[EventRounds "9"]
[EventCountry "HUN"]
[SourceTitle "CBM 190 Extra"]
[Source "ChessBase"]
[SourceDate "2019.07.15"]
[SourceVersion "1"]
[SourceVersionDate "2019.07.15"]
[SourceQuality "1"]
[WhiteTeam "Mako Duocor"]
[BlackTeam "Kobanya Aquarena"]
[WhiteTeamCountry "HUN"]
[BlackTeamCountry "HUN"]

1. e4 e6 2. d4 d5 3. Nc3 Bb4 4. e5 c5 5. a3 Bxc3+ 6. bxc3 Ne7 7. Qg4 Qc7 8. Qxg7 Rg8 9. Qxh7 cxd4 10. Ne2 Nbc6 11. f4 Bd7 12. Qd3 1/2-1/2

[Event "AUT-chT2M 1819"]
[Site "Austria"]
[Date "2019.03.01"]
[Round "9.3"]
[White "Hajnal, Zoltan"]
[Black "Genser, Harald"]
[Result "1-0"]
[WhiteElo "2400"]
[BlackElo "2272"]
[PlyCount "87"]
[EventDate "2018.10.19"]
[EventType "team-tourn"]
[EventRounds "11"]
[EventCountry "AUT"]
[SourceTitle "CBM 189 Extra"]
[Source "ChessBase"]
[SourceDate "2019.06.03"]
[SourceVersion "1"]
[SourceVersionDate "2019.06.03"]
[SourceQuality "1"]
[WhiteTeam "St Valentin"]
[BlackTeam "Die Klagenfurter"]
[WhiteTeamCountry "AUT"]
[BlackTeamCountry "AUT"]

1. e4 e6 2. d4 d5 3. Nc3 Nf6 4. e5 Nfd7 5. f4 c5 6. Nf3 Nc6 7. Be3 Be7 8. Qd2 0-0 9. dxc5 Bxc5 10. 0-0-0 Qa5 11. a3 Rd8 12. Nd4 Bxd4 13. Bxd4 Rb8 14. Qe3 b5 15. f5 b4 16. f6 Nf8 17. Nb1 bxa3 18. Nxa3 Nxd4 19. Rxd4 Qb6 20. b3 Ng6 21. Bd3 Qc5 22. Kb2 gxf6 23. Bxg6 fxg6 24. exf6 Rf8 25. Qe5 Rb7 26. g4 Qc7 27. Qxc7 Rxc7 28. g5 e5 29. Rd2 Be6 30. Re1 e4 31. Nb5 Rc5 32. Nd4 Kf7 33. h4 a5 34. Nxe6 Kxe6 35. c4 Ke5 36. Rde2 Rb8 37. cxd5 Rb4 38. d6 Rc8 39. d7 Rd8 40. f7 Ke6 41. Rf1 Rbb8 42. Rxe4+ Kxd7 43. Rd1+ Kc7 44. Rxd8 1-0

[Event "HUN-chT 1819"]
[Site "Hungary"]
[Date "2019.02.24"]
[Round "6.3"]
[White "Farago, Ivan"]
[Black "Hajnal, Zoltan"]
[Result "1/2-1/2"]
[WhiteElo "2354"]
[BlackElo "2406"]
[PlyCount "35"]
[EventDate "2018.11.17"]
[EventType "team-tourn"]
[EventRounds "9"]
[EventCountry "HUN"]
[SourceTitle "CBM 189 Extra"]
[Source "ChessBase"]
[SourceDate "2019.06.03"]
[SourceVersion "1"]
[SourceVersionDate "2019.06.03"]
[SourceQuality "1"]
[WhiteTeam "Dunaharaszti"]
[BlackTeam "Mako Duocor"]
[WhiteTeamCountry "HUN"]
[BlackTeamCountry "HUN"]

1. d4 d5 2. c4 c6 3. cxd5 cxd5 4. Bg5 h6 5. Bh4 Qb6 6. Nc3 Qxb2 7. Nxd5 e6 8. Rb1 Qa3 9. Qc2 Qa5+ 10. Qc3 Qxc3+ 11. Nxc3 a6 12. e3 b5 13. Bd3 Bb7 14. Nf3 Nd7 15. Ke2 Ngf6 16. Rhc1 Ba3 17. Rc2 0-0 18. Rb3 1/2-1/2

[Event "AUT-chT2M 1819"]
[Site "Austria"]
[Date "2019.01.18"]
[Round "6.3"]
[White "Hajnal, Zoltan"]
[Black "Freitag, Manfred"]
[Result "1/2-1/2"]
[WhiteElo "2396"]
[BlackElo "2381"]
[PlyCount "37"]
[EventDate "2018.10.19"]
[EventType "team-tourn"]
[EventRounds "11"]
[EventCountry "AUT"]
[SourceTitle "CBM 189 Extra"]
[Source "ChessBase"]
[SourceDate "2019.06.03"]
[SourceVersion "1"]
[SourceVersionDate "2019.06.03"]
[SourceQuality "1"]
[WhiteTeam "St Valentin"]
[BlackTeam "Fuerstenfeld/Hartberg"]
[WhiteTeamCountry "AUT"]
[BlackTeamCountry "AUT"]

1. e4 c5 2. Nf3 d6 3. d4 cxd4 4. Nxd4 Nf6 5. Nc3 a6 6. Be3 e5 7. Nb3 Be6 8. Qd2 Be7 9. f3 0-0 10. 0-0-0 a5 11. a4 Nc6 12. g4 Nb4 13. g5 Nh5 14. Rg1 Rc8 15. Kb1 Qc7 16. Qf2 Bd8 17. Qd2 Be7 18. Qf2 Bd8 19. Qd2 1/2-1/2

[Event "SVK-chT2C 1819"]
[Site "Slovakia"]
[Date "2018.12.15"]
[Round "5.2"]
[White "Hajnal, Zoltan"]
[Black "Vacek, Ondrej"]
[Result "1/2-1/2"]
[WhiteElo "2401"]
[BlackElo "2120"]
[PlyCount "43"]
[EventDate "2018.10.13"]
[EventType "team-tourn"]
[EventRounds "11"]
[EventCountry "SVK"]
[SourceTitle "CBM 189 Extra"]
[Source "ChessBase"]
[SourceDate "2019.06.03"]
[SourceVersion "1"]
[SourceVersionDate "2019.06.03"]
[SourceQuality "1"]
[WhiteTeam "Vinica"]
[BlackTeam "Zvolen Slavia"]
[WhiteTeamCountry "SVK"]
[BlackTeamCountry "SVK"]

1. e4 d5 2. exd5 Qxd5 3. Nc3 Qd8 4. d4 Nf6 5. Bc4 c6 6. Nge2 Nbd7 7. Bg5 h6 8. Bf4 Nb6 9. Bb3 a5 10. a4 Bf5 11. Ng3 Bg6 12. Qe2 e6 13. 0-0-0 Nbd5 14. Nxd5 cxd5 15. Be5 Be7 16. Nf1 Qb6 17. Ne3 0-0 18. f3 Rfc8 19. Ba2 Qb4 20. Qb5 Qxb5 21. axb5 a4 22. Kd2 1/2-1/2

[Event "AUT-chT2M 1819"]
[Site "Austria"]
[Date "2018.10.20"]
[Round "2.2"]
[White "Kilgus, Georg"]
[Black "Hajnal, Zoltan"]
[Result "0-1"]
[WhiteElo "2411"]
[BlackElo "2400"]
[PlyCount "65"]
[EventDate "2018.10.19"]
[EventType "team-tourn"]
[EventRounds "11"]
[EventCountry "AUT"]
[SourceTitle "CBM 186 Extra"]
[Source "ChessBase"]
[SourceDate "2018.08.24"]
[SourceVersion "1"]
[SourceVersionDate "2018.08.24"]
[SourceQuality "1"]
[WhiteTeam "Grieskirchen/Bad Schallenberg"]
[BlackTeam "St Valentin"]
[WhiteTeamCountry "AUT"]
[BlackTeamCountry "AUT"]

1. Nf3 d5 2. g3 Bg4 3. Bg2 Nd7 4. 0-0 c6 5. d3 Ngf6 6. h3 Bh5 7. g4 Bg6 8. Nh4 e6 9. e3 Bd6 10. f4 Qe7 11. Nd2 0-0-0 12. Ndf3 h6 13. Nxg6 fxg6 14. Bd2 g5 15. Rb1 e5 16. fxg5 hxg5 17. Nxg5 e4 18. d4 Nf8 19. c4 Ng6 20. cxd5 cxd5 21. Be1 Kb8 22. Rc1 Rdf8 23. Rf5 Nh4 24. Bxh4 Rxh4 25. Qe1 Rhh8 26. Rc2 g6 27. Rf1 Nxg4 28. Rxf8+ Rxf8 29. Nxe4 Bh2+ 30. Kh1 dxe4 31. hxg4 Rh8 32. Qc3 Qh4 33. Qb3 0-1

[Event "HUN-ch rapid"]
[Site "Ajka"]
[Date "2018.07.22"]
[Round "13"]
[White "Egresi, Mate"]
[Black "Hajnal, Zoltan"]
[Result "1-0"]
[WhiteElo "2294"]
[BlackElo "2400"]
[PlyCount "79"]
[EventDate "2018.07.20"]
[EventType "swiss (rapid)"]
[EventRounds "13"]
[EventCountry "HUN"]
[SourceTitle "CBM 185 Extra"]
[Source "ChessBase"]
[SourceDate "2018.07.29"]
[SourceVersion "1"]
[SourceVersionDate "2018.07.29"]
[SourceQuality "1"]

1. d4 d5 2. c4 c6 3. Nf3 Nf6 4. e3 Bf5 5. Nc3 e6 6. Nh4 Be4 7. f3 Bg6 8. Qb3 Qc7 9. Bd2 Be7 10. Nxg6 hxg6 11. 0-0-0 Nbd7 12. cxd5 exd5 13. h3 b5 14. Bd3 a5 15. Kb1 Nb6 16. e4 a4 17. Qc2 b4 18. e5 Nfd7 19. Nb5 Qb7 20. Nd6+ Bxd6 21. exd6 0-0 22. Bxb4 Nc4 23. Qc3 a3 24. Bxc4 dxc4 25. Bxa3 Nb6 26. Ka1 Ra4 27. Rhe1 Nd5 28. Qc2 Rfa8 29. Re7 Qa6 30. Rde1 c3 31. Re8+ Kh7 32. Rxa8 Qxa8 33. d7 cxb2+ 34. Bxb2 Nb4 35. Qe4 Ra5 36. a3 Rxa3+ 37. Bxa3 Qxa3+ 38. Kb1 Qb3+ 39. Kc1 Nd3+ 40. Kd2 1-0